000 00536nam a2200169Ia 4500
008 140609s9999 xx 000 0 und d
020 _a9719286601
050 _aBT 98
_b.Om56 2003
100 _aOmpad, Celedenio C.
245 _aApostolic heritage :
_bembrace this treasure and empower your life /
_cCeledenio C. Ompad,
260 _aManila, Philippines :
_bRGR Print. Press,
_cc2003
300 _a222 p. :
_bill. ;
_c22 cm.
500 _aIncludes bibliographical references.
521 _aGE
942 _kLOC
_cBK
999 _c118140
_d118140